000 00524nam a2200217Ia 4500
003 OSt
005 20250715160044.0
008 210210b1987 xxu||||| |||| 00| 0 eng d
040 _aAL
_c
041 _aEnglish
082 _a658.001 RENB
100 _aRenukarya C K
_935275
245 _aBusiness Economics
260 _aND
_bR Chand & Co
_c1987
300 _a233p.
650 _aEconomics
_935276
690 _aBusiness Economics
_935278
700 _aPrabhakara Shishil
_935279
906 _a039822
942 _2ddc
_cBK
999 _c89964
_d89964